Pays avec une lettre sur deux - 1 - Statistiques

Statistiques générales
  • Ce quiz a été pris 644 fois
    120 depuis la dernière actualisation
  • Le résultat moyen est 14 sur 15
Statistiques - réponses
Une lettre sur deux Pays % Correct
A_b_n_e Albanie
100%
B_é_o_u_s_e Biélorussie
100%
E_p_g_e Espagne
100%
H_n_r_e Hongrie
100%
K_s_v_ Kosovo
100%
L_x_m_o_r_ Luxembourg
100%
P_y_-B_s Pays-Bas
100%
R_p_b_i_u_ t_h_q_e République tchèque
100%
V_t_c_n Vatican
100%
G_è_e Grèce
98%
R_y_u_e-_n_ Royaume- Uni
98%
A_d_r_e Andorre
97%
B_s_i_-H_r_é_o_i_e Bosnie- Herzégovine
97%
C_o_t_e Croatie
97%
D_n_m_r_ Danemark
97%
F_n_a_d_ Finlande
97%
L_t_a_i_ Lituanie
97%
A_l_m_g_e Allemagne
95%
L_e_h_e_s_e_n Liechtenstein
95%
M_c_d_i_e _u _o_d Macédoine du Nord
95%
N_r_è_e Norvège
95%
R_s_i_ Russie
95%
S_o_a_u_e Slovaquie
95%
S_è_e Suède
95%
F_a_c_ France
94%
U_r_i_e Ukraine
94%
M_l_e Malte
93%
R_u_a_i_ Roumanie
93%
E_t_n_e Estonie
92%
M_n_c_ Monaco
92%
P_l_g_e Pologne
92%
L_t_o_i_ Lettonie
90%
M_n_é_é_r_ Monténégro
88%
P_r_u_a_ Portugal
88%
S_o_é_i_ Slovénie
86%
S_i_s_ Suisse
86%
B_l_i_u_ Belgique
84%
A_t_i_h_ Autriche
77%
I_a_i_ Italie
74%
M_l_a_i_ Moldavie
74%
S_i_t-_a_i_ Saint-Marin
71%
B_l_a_i_ Bulgarie
65%
S_r_i_ Serbie
63%
I_l_n_e Irlande/Islande
58%
Aucun quiz correspondant
Distribution des résultats
% des personnes avec chaque résultat
Percentile par nombre de réponses
Votre historique - résultats
Vous n’avez pas pris ce quiz depuis la dernière actualisation